| 000 | 00776nam a2200301 4500 | ||
|---|---|---|---|
| 001 | 00334798 | ||
| 003 | DO-SdBNP | ||
| 005 | 20240126110658.0 | ||
| 007 | 00334798 | ||
| 008 | 921111s1991 sp | | spa d | ||
| 017 |
_a _b |
||
| 020 | _a8470024310 | ||
| 035 | _a | ||
| 040 |
_aBPMSU _bspa _cBPMUS |
||
| 080 | _a | ||
| 082 | 4 |
_a618.92 _bL274m 1991 _222 |
|
| 100 | 1 | _aLange, Adrianne | |
| 245 | 1 | 3 |
_aEl manual de la super - mamá / _cAdrianne Lange _h |
| 250 | _a | ||
| 260 |
_aBarcelona : _bEditorial Acervo, _c1991 |
||
| 300 |
_a229 p. ; _c20 cm _b |
||
| 500 | _aObras de divulgación | ||
| 590 | _aInventariado, 2024/VM | ||
| 650 | 4 |
_aNiños _xCuidado e higiene _v _2 |
|
| 650 | 7 |
_a _v _2 |
|
| 910 | _aVMateo V. Control de calidad. BPMSU | ||
| 942 |
_2ddc _cBK |
||
| 999 |
_c9414 _d9414 |
||